| 000 | 00553nam a2200181Ia 4500 | ||
|---|---|---|---|
| 008 | 140626s9999 xx 000 0 und d | ||
| 100 | _aChen, Kuei-Min. | ||
| 245 | 2 |
_aA model-based survey of physical health in community-dwelling older adults / _cKuei-Min Chen ... [et al.]. |
|
| 260 | _cc2013. | ||
| 300 | _a21 : 4, page 239 | ||
| 440 | _aThe Journal of Nursing Research (JNR) | ||
| 521 | _aNUR | ||
| 650 | _aActivities of daily living. | ||
| 650 | _aOlder adults. | ||
| 650 | _aPhysical health. | ||
| 650 | _aPhysical status. | ||
| 942 | _cSE | ||
| 999 |
_c121408 _d121408 |
||